000 00661nam a2200229Ia 4500
003 OSt
005 20221007065105.0
006 a|||||r|||| 00| 0
007 ta
008 221006b |||||||| |||| 00| 0 eng d
024 _a11,480
037 _cTextual
040 _aFLL
_cFLL
_beng
041 _2eng
_aeng
082 _aV1N4:1912(zF).N7, L7
100 _aRaman K.Venkata Au.
_9686631
245 0 _aDispute settlement through the united nations
260 _aDelhi
_bUniversal book traders India
_c1977
300 _axix,749p
_ccm.
942 _hV1N4:1912(zF).N7, L7
_cTEXL
_2CC
999 _c1136275
_d1136275